| 000 | 00429nam a22001697a 4500 | ||
|---|---|---|---|
| 999 |
_c526658 _d526658 |
||
| 003 | NUST | ||
| 038 | _awaseem | ||
| 082 |
_a891.421 _bRAI |
||
| 100 |
_aRaiz Ahmed Shad _917660 |
||
| 245 |
_aKhilara / _cRaiz Ahmed Shad |
||
| 260 |
_aLahore : _bSanjh Publications, _c2010. |
||
| 300 | _a159 p. ; | ||
| 500 | _aHardcover. | ||
| 880 |
_6100-01\r _aریاض احمد شاد |
||
| 880 |
_6245-02\r _aکھلارا / |
||
| 942 |
_2ddc _cBK |
||